South Eastern Kenya University

Library Online Public Access Catalogue


Culturally responsive cognitive-behavioral therapy : (Record no. 14629)

MARC details
000 -LEADER
fixed length control field 00623cam a22001814a 4500
020 ## - ISBN
International Standard Book Number 1591473608
020 ## - ISBN
International Standard Book Number 9781591473602
050 00 - LIBRARY OF CONGRESS CALL NUMBER
Classification Number RC 489.C6
Item Number C85 2006
245 00 - TITLE
Title Culturally responsive cognitive-behavioral therapy :
Remainder of title assessment, practice, and supervision /
Statement of responsibility, etc edited by Pamela A. Hays and Gayle Y. Iwamasa.
250 ## - EDITIONSTATEMENT
Edition statement 1st ed.
260 ## - PUBLICATION, DISTRIBUTION, ETC.(IMPRINT)
Place of publication, distribution, etc Washington, DC :
Name of publisher, distributor, etc American Psychological Association,
Date of publication, distribution, etc c2006.
300 ## - PHYSICAL DESCRIPTION
Extent xiii, 307 p. :
650 12 - SUBJECT--TOPIC
General subdivision methods.
700 1# - ADDED ENTRY--PERSONAL AUTHOR
Personal Name Hays, Pamela A.
700 1# - ADDED ENTRY--PERSONAL AUTHOR
Personal Name Iwamasa, Gayle.
856 41 - URL/ELECTRONIC LOCATION AND ACCESS
Uniform Resource Identifier <a href="http://www.loc.gov/catdir/toc/ecip061/2005029626.html">http://www.loc.gov/catdir/toc/ecip061/2005029626.html</a>
942 ## - ADDED ENTRY ELEMENTS(KOHA)
Source of classification or shelving scheme Library of Congress Classification
Koha item type General circulation
Holdings
Source of classification or shelving scheme Not for loan Location (home branch) Sublocation (holding branch) Shelving location Date accessioned Full call number Barcode Koha item type Public note
Library of Congress Classification   Main Campus Library Main Campus Library   25/05/2016 RC 489.C6 C85 2006 2016/018455 General circulation em
Kitui, Kenya.
+254736116989
library@seku.ac.ke